[Event "TUR-ch U13/18 Girls"]
[Site "Antalya"]
[Date "2023.01.23"]
[Round "3"]
[White "Cetin, Defne Rengin"]
[Black "Buyuk, Ecrin Efsa"]
[Result "1-0"]
[WhiteElo "1337"]
[BlackElo "1636"]
[PlyCount "79"]
[EventDate "2023.01.17"]
[EventType "swiss"]
[EventRounds "9"]
[EventCountry "TUR"]
[SourceTitle "EXT 2024"]
[Source "ChessBase"]
[SourceDate "2023.10.10"]
[SourceVersion "1"]
[SourceVersionDate "2023.10.10"]
[SourceQuality "1"]

1. d4 d5 2. e3 Nf6 3. Nf3 c6 4. b3 Bf5 5. Bd3 Bxd3 6. Qxd3 e6 7. 0-0 Nbd7 8. Nbd2 Be7 9. Bb2 0-0 10. Ne5 Ne8 11. Rfe1 Ndf6 12. e4 Nd6 13. f3 Qc7 14. Qe2 Rad8 15. Nd3 Nd7 16. Ba3 Nc8 17. Bb2 Rfe8 18. e5 Bf8 19. Rac1 Ne7 20. f4 Qb6 21. Kh1 c5 22. c3 Nc6 23. Qf2 cxd4 24. cxd4 Bb4 25. Red1 Ndb8 26. Nf3 Be7 27. g4 Na6 28. Ba1 Ba3 29. Bb2 Be7 30. Ba1 Nc7 31. Ng1 Nb5 32. Ne2 Ba3 33. Bb2 Bf8 34. Rg1 Nc7 35. f5 exf5 36. gxf5 Nxe5 37. dxe5 Qa6 38. Qg3 Nb5 39. a4 Na3 40. Bxa3 1-0

[Event "TUR-ch (Women)"]
[Site "Antalya"]
[Date "2018.03.10"]
[Round "9"]
[White "Kasab, Esragul"]
[Black "Cetin, Defne Rengin"]
[Result "0-1"]
[WhiteElo "1277"]
[BlackElo "1066"]
[PlyCount "80"]
[EventDate "2018.03.05"]
[EventType "swiss"]
[EventRounds "9"]
[EventCountry "TUR"]
[SourceTitle "CBM 183 Extra"]
[Source "ChessBase"]
[SourceDate "2018.04.19"]
[SourceVersion "1"]
[SourceVersionDate "2018.04.19"]
[SourceQuality "1"]

1. e4 d5 2. f3 e5 3. g3 dxe4 4. fxe4 Nf6 5. d3 Nc6 6. a3 Bc5 7. c3 0-0 8. Be2 Bxg1 9. Rxg1 Bh3 10. Be3 Qd7 11. Bg5 Ng4 12. Bc1 h5 13. Nd2 Ne3 14. Qb3 a5 15. Qa2 Nc2+ 16. Kd1 Nxa1 17. Qxa1 f5 18. Qa2+ Qf7 19. Qxf7+ Rxf7 20. Bxh5 Rd7 21. Kc2 Rad8 22. Nf1 Rxd3 23. Ne3 fxe4 24. Bg6 Be6 25. a4 R3d7 26. Bxe4 Rf8 27. b3 Rf2+ 28. Kb1 Bxb3 29. Bc2 Bxc2+ 30. Nxc2 Rxh2 31. Ne3 Rd3 32. c4 Rb3+ 33. Ka1 Nb4 34. Rg2 Rxg2 35. Nxg2 Rxg3 36. Ne3 Rxe3 37. Bxe3 Nc2+ 38. Kb2 Nxe3 39. Kc3 g5 40. Kd2 Nxc4+ 0-1

[Event "TUR-ch (Women)"]
[Site "Antalya"]
[Date "2018.03.07"]
[Round "4"]
[White "Cetin, Defne Rengin"]
[Black "Dulger, Hatice Gulsum"]
[Result "1-0"]
[WhiteElo "1066"]
[BlackElo "1093"]
[PlyCount "87"]
[EventDate "2018.03.05"]
[EventType "swiss"]
[EventRounds "9"]
[EventCountry "TUR"]
[SourceTitle "CBM 183 Extra"]
[Source "ChessBase"]
[SourceDate "2018.04.19"]
[SourceVersion "1"]
[SourceVersionDate "2018.04.19"]
[SourceQuality "1"]

1. e4 e5 2. Nf3 Nc6 3. d4 d5 4. Bb5 Bd7 5. exd5 Nxd4 6. Bxd7+ Qxd7 7. Nxd4 exd4 8. Qxd4 Nf6 9. c4 c5 10. Qd1 Bd6 11. 0-0 0-0 12. Nc3 Rae8 13. Be3 b6 14. Qc2 h6 15. Rfe1 Ng4 16. h3 Nxe3 17. Rxe3 a6 18. Rae1 Bc7 19. Rxe8 Rxe8 20. Rxe8+ Qxe8 21. Ne4 Qe7 22. Qd3 a5 23. d6 Bxd6 24. Nxd6 Qe1+ 25. Qf1 Qxf1+ 26. Kxf1 Kf8 27. Ke2 Ke7 28. Nb5 Ke6 29. Ke3 Ke5 30. f4+ Kf6 31. Ke4 a4 32. Kd5 g5 33. fxg5+ Kxg5 34. Kc6 f5 35. Kxb6 Kh4 36. Kxc5 f4 37. Kd6 Kg3 38. Ke5 h5 39. h4 Kg4 40. Ke4 Kg3 41. c5 Kg4 42. c6 Kg3 43. c7 Kg4 44. c8Q+ 1-0

[Event "TUR-ch (Women)"]
[Site "Antalya"]
[Date "2018.03.06"]
[Round "3"]
[White "Taskin, Sevda"]
[Black "Cetin, Defne Rengin"]
[Result "1-0"]
[WhiteElo "1026"]
[BlackElo "1066"]
[PlyCount "73"]
[EventDate "2018.03.05"]
[EventType "swiss"]
[EventRounds "9"]
[EventCountry "TUR"]
[SourceTitle "CBM 183 Extra"]
[Source "ChessBase"]
[SourceDate "2018.04.19"]
[SourceVersion "1"]
[SourceVersionDate "2018.04.19"]
[SourceQuality "1"]

1. e4 d5 2. f3 e6 3. d3 Nc6 4. Bf4 e5 5. Bg3 d4 6. Ne2 Nf6 7. f4 exf4 8. Nxf4 Ne5 9. h3 Bd6 10. Bf2 c5 11. g3 0-0 12. c3 Qa5 13. Be2 dxc3 14. Nxc3 Bd7 15. Be3 Ba4 16. Qxa4 Qb6 17. b3 a6 18. Nfd5 Qa7 19. d4 Nc6 20. Nxf6+ gxf6 21. d5 Nb4 22. Bd1 b5 23. Qa3 Be5 24. Bd2 Rfe8 25. Rb1 f5 26. 0-0 c4+ 27. Kh2 Nd3 28. Be2 Bxc3 29. Bxc3 fxe4 30. Qd6 Qe3 31. Bh5 Ra7 32. Qf6 Kf8 33. Qg7+ Ke7 34. Qxf7+ Kd8 35. Ba5+ Kc8 36. Qxe8+ Kb7 37. Rf7# 1-0

[Event "TUR-ch (Women)"]
[Site "Aksu"]
[Date "2017.03.09"]
[Round "6"]
[White "Cetin, Defne Rengin"]
[Black "Kamalak, Bedihanur"]
[Result "0-1"]
[WhiteElo "1254"]
[BlackElo "1311"]
[PlyCount "40"]
[EventDate "2017.03.06"]
[EventType "swiss"]
[EventRounds "9"]
[EventCountry "TUR"]
[SourceTitle "CBM 177 Extra"]
[Source "ChessBase"]
[SourceDate "2017.04.27"]
[SourceVersion "1"]
[SourceVersionDate "2017.04.27"]
[SourceQuality "1"]

1. d4 d5 2. Nf3 Nf6 3. e3 Bg4 4. Bd3 e6 5. Nbd2 c5 6. b3 cxd4 7. exd4 Nc6 8. Bb2 Bb4 9. c3 Bd6 10. 0-0 Bf4 11. h3 Bxf3 12. gxf3 h5 13. Kh1 Qd7 14. Qc2 0-0-0 15. Rg1 Rdg8 16. c4 Nb4 17. Qc3 Nxd3 18. cxd5+ Kb8 19. dxe6 Qxe6 20. Qxd3 Qxh3# 0-1

[Event "TUR-ch (Women)"]
[Site "Aksu"]
[Date "2017.03.08"]
[Round "5"]
[White "Dogan, Sibel"]
[Black "Cetin, Defne Rengin"]
[Result "1-0"]
[WhiteElo "1473"]
[BlackElo "1254"]
[PlyCount "123"]
[EventDate "2017.03.06"]
[EventType "swiss"]
[EventRounds "9"]
[EventCountry "TUR"]
[SourceTitle "CBM 177 Extra"]
[Source "ChessBase"]
[SourceDate "2017.04.27"]
[SourceVersion "1"]
[SourceVersionDate "2017.04.27"]
[SourceQuality "1"]

1. e4 d5 2. exd5 Qxd5 3. Nc3 Qa5 4. Nf3 Bg4 5. Be2 Nc6 6. d3 Nf6 7. Bd2 Qb6 8. 0-0 0-0-0 9. Ng5 Bxe2 10. Nxe2 Rg8 11. Nxf7 Rd7 12. Ng5 h6 13. Ne6 Rd6 14. Nxf8 Rxf8 15. Nc3 g5 16. Rb1 Nd7 17. Ne4 Re6 18. Be3 Qa5 19. Qg4 Re5 20. d4 Rb5 21. Nc5 Rd8 22. Qe6 b6 23. Nxd7 Rxd7 24. Qxc6 Rd6 25. Qe8+ Kb7 26. Qxe7 Qxa2 27. Ra1 Qxb2 28. Rxa7+ Kxa7 29. Qxc7+ Ka6 30. Qxd6 Qb1 31. Qa3+ Kb7 32. h3 Qxc2 33. Qe7+ Ka6 34. Ra1+ Ra5 35. Rxa5+ bxa5 36. Qe6+ Ka7 37. Qe7+ Ka6 38. Qd6+ Kb7 39. Qd5+ Qc6 40. Qxa5 Qd6 41. Qb5+ Kc7 42. Qc5+ Qxc5 43. dxc5 Kc6 44. Kf1 Kd5 45. Ke2 Kc6 46. Kd3 Kc7 47. Kc4 Kc6 48. Kb4 Kc7 49. Kb5 Kb7 50. c6+ Kc7 51. Bb6+ Kc8 52. Kc5 h5 53. Kd6 g4 54. hxg4 hxg4 55. g3 Kb8 56. Kd7 Ka8 57. c7 Kb7 58. c8Q+ Kxb6 59. Qc6+ Ka7 60. Qb5 Ka8 61. Kc7 Ka7 62. Qb7# 1-0